[Event "Rio de Janeiro Estadual op"]
[Site "Rio de Janeiro"]
[Date "2015.06.07"]
[Round "5"]
[White "Santos Filho, Tadeu Souza"]
[Black "Simoes, Egydio Oman"]
[Result "1-0"]
[WhiteElo "2090"]
[BlackElo "1992"]
[PlyCount "117"]
[EventDate "2015.06.04"]
[EventType "swiss"]
[EventRounds "6"]
[EventCountry "BRA"]
[SourceTitle "CBM 167 Extra"]
[Source "ChessBase"]
[SourceDate "2015.09.14"]
[SourceVersion "1"]
[SourceVersionDate "2015.09.14"]
[SourceQuality "1"]

1. e4 c5 2. Nc3 e6 3. f4 a6 4. g3 Nc6 5. Bg2 d6 6. Nf3 Nf6 7. d3 Be7 8. 0-0 0-0 9. h3 Qc7 10. g4 b5 11. Ne2 c4 12. Be3 e5 13. g5 Nd7 14. f5 Bb7 15. Nh2 Rfd8 16. Nc3 Nd4 17. Nd5 Bxd5 18. exd5 cxd3 19. cxd3 Nc2 20. Qe2 Nxe3 21. Qxe3 Qc5 22. Qxc5 Nxc5 23. f6 Bf8 24. Be4 a5 25. Ng4 Ra7 26. Rac1 h5 27. Ne3 gxf6 28. Rxf6 Be7 29. Rf5 Rc7 30. Rcf1 Rf8 31. Kg2 Na4 32. b3 Nc3 33. Kf3 Kg7 34. h4 Ra8 35. Kg2 Bf8 36. R5f2 a4 37. Nf5+ Kg8 38. Ng3 axb3 39. axb3 Ra3 40. Nxh5 Rxb3 41. Nf6+ Kh8 42. Ne8 Nxe4 43. dxe4 Rcc3 44. Rxf7 Rg3+ 45. Kf2 Kg8 46. Rc7 Rgf3+ 47. Ke2 Rbe3+ 48. Kd2 Rd3+ 49. Kc2 Rc3+ 50. Rxc3 Rxf1 51. Rc7 Rf7 52. Nf6+ Kg7 53. Nh5+ Kg6 54. Rxf7 Kxf7 55. Kb3 Be7 56. Kb4 Kg6 57. Ng3 Bxg5 58. hxg5 Kxg5 59. Nf5 1-0

[Event "Rio de Janeiro Estadual op"]
[Site "Rio de Janeiro"]
[Date "2015.06.06"]
[Round "4"]
[White "Simoes, Egydio Oman"]
[Black "Pinto Neto, Antonio de Padua"]
[Result "0-1"]
[WhiteElo "1992"]
[BlackElo "1947"]
[PlyCount "74"]
[EventDate "2015.06.04"]
[EventType "swiss"]
[EventRounds "6"]
[EventCountry "BRA"]
[SourceTitle "CBM 167 Extra"]
[Source "ChessBase"]
[SourceDate "2015.09.14"]
[SourceVersion "1"]
[SourceVersionDate "2015.09.14"]
[SourceQuality "1"]

1. e4 c5 2. Nc3 d6 3. Bc4 g6 4. f4 Bg7 5. Nf3 e6 6. 0-0 Ne7 7. d3 0-0 8. Qe1 Nbc6 9. Qh4 d5 10. Bb3 dxe4 11. dxe4 Nd4 12. Ne1 Nec6 13. Qh3 b5 14. a3 Nxb3 15. cxb3 Nd4 16. Nd1 Ne2+ 17. Kh1 Qxd1 18. Qf3 Rd8 19. e5 Rb8 20. Qf2 Nxc1 21. Nf3 Qe2 22. Raxc1 Qxf2 23. Rxf2 Bf8 24. h4 Bb7 25. Ne1 Rd5 26. Nc2 Rbd8 27. Ne3 Rd3 28. Ng4 Rd1+ 29. Rxd1 Rxd1+ 30. Kh2 Kg7 31. h5 h6 32. hxg6 fxg6 33. Ne3 Rd3 34. Ng4 Be7 35. Re2 Rxb3 36. Rd2 Bd5 37. Nf2 c4 0-1

[Event "Rio de Janeiro Fexerj op"]
[Site "Rio de Janeiro"]
[Date "2012.09.01"]
[Round "5"]
[White "Okamura, Milton Kasuo"]
[Black "Simoes, Egydio Oman"]
[Result "1-0"]
[WhiteElo "2118"]
[BlackElo "1995"]
[PlyCount "85"]
[EventDate "2012.08.25"]
[EventType "swiss"]
[EventRounds "7"]
[EventCountry "BRA"]
[SourceTitle "CBM 150 Extra"]
[Source "ChessBase"]
[SourceDate "2012.10.19"]
[SourceVersion "1"]
[SourceVersionDate "2012.10.19"]
[SourceQuality "1"]

1. d4 Nf6 2. c4 e6 3. Nc3 Bb4 4. Qc2 Nc6 5. Nf3 d6 6. a3 Bxc3+ 7. Qxc3 0-0 8. Bg5 h6 9. Bc1 Qe7 10. e3 e5 11. d5 Nb8 12. Be2 Ne4 13. Qc2 f5 14. b3 Nd7 15. Bb2 Ndf6 16. Nh4 Qd7 17. Bd3 g5 18. Nxf5 Qxf5 19. f3 Qg6 20. g4 Bd7 21. h3 Rf7 22. 0-0-0 Raf8 23. Rdf1 a6 24. f4 gxf4 25. exf4 Re8 26. fxe5 Qg5+ 27. Kd1 Rxe5 28. h4 Bxg4+ 29. Be2 Bxe2+ 30. Qxe2 Qd2+ 31. Qxd2 Nxd2 32. Kxd2 Ne4+ 33. Kd1 Ref5 34. Rhg1+ Kf8 35. Bg7+ Ke7 36. Re1 Rf4 37. Bxh6 Kd7 38. Bxf4 Rxf4 39. Rg7+ Kc8 40. h5 b6 41. h6 Nc5 42. h7 Rd4+ 43. Ke2 1-0

[Event "Rio de Janeiro Masters op"]
[Site "Rio de Janeiro"]
[Date "2006.05.20"]
[Round "4"]
[White "Simoes, Egydio Oman"]
[Black "Deus Filho, Joaquim"]
[Result "0-1"]
[WhiteElo "1950"]
[BlackElo "2082"]
[PlyCount "40"]
[EventDate "2006.05.13"]
[EventType "swiss"]
[EventRounds "7"]
[EventCountry "BRA"]
[SourceTitle "EXT 2007"]
[Source "ChessBase"]
[SourceDate "2006.11.23"]
[SourceVersion "1"]
[SourceVersionDate "2006.11.23"]
[SourceQuality "1"]

1. e4 c5 2. Nc3 e6 3. f4 d5 4. exd5 exd5 5. Bb5+ Nc6 6. Qe2+ Be7 7. Nf3 Nf6 8. 0-0 0-0 9. h3 Nh5 10. Bxc6 bxc6 11. Qe5 Ng3 12. Rd1 d4 13. Qe1 Nh5 14. Ne5 Bh4 15. Qe2 Ng3 16. Qf3 dxc3 17. Nxc6 Qc7 18. Ne7+ Qxe7 19. Qxa8 Bb7 20. Qxa7 Qe2 0-1

[Event "Rio de Janeiro Masters op"]
[Site "Rio de Janeiro"]
[Date "2006.05.20"]
[Round "5"]
[White "Simoes, Egydio Oman"]
[Black "Einhorn, Marcelo"]
[Result "1-0"]
[WhiteElo "1950"]
[BlackElo "2055"]
[PlyCount "56"]
[EventDate "2006.05.13"]
[EventType "swiss"]
[EventRounds "7"]
[EventCountry "BRA"]
[SourceTitle "EXT 2007"]
[Source "ChessBase"]
[SourceDate "2006.11.23"]
[SourceVersion "1"]
[SourceVersionDate "2006.11.23"]
[SourceQuality "1"]

1. e4 Nc6 2. d4 e5 3. c3 d6 4. Bc4 Be7 5. Nf3 Nf6 6. Qe2 a6 7. 0-0 0-0 8. h3 b5 9. Bb3 exd4 10. cxd4 Na5 11. Bc2 c5 12. e5 dxe5 13. dxe5 Nd5 14. Rd1 Bb7 15. Nc3 Nxc3 16. bxc3 Qb6 17. Qd3 g6 18. Bh6 Rfd8 19. Qe3 Nc4 20. Qf4 f5 21. Bb3 Bd5 22. Qg3 Qb7 23. Ne1 a5 24. h4 a4 25. Bc2 Qd7 26. Nd3 Qc6 27. Nf4 Nxe5 28. Bxf5 Bf7 1-0

[Event "Rio de Janeiro Fexerj Masters"]
[Site "Rio de Janeiro"]
[Date "2005.06.19"]
[Round "3"]
[White "Lima, Fernando"]
[Black "Simoes, Egydio Oman"]
[Result "1/2-1/2"]
[WhiteElo "1940"]
[BlackElo "1914"]
[PlyCount "38"]
[EventDate "2005.03.08"]
[EventType "swiss"]
[EventRounds "7"]
[EventCountry "BRA"]
[SourceTitle "EXT 2007"]
[Source "ChessBase"]
[SourceDate "2006.11.23"]
[SourceVersion "1"]
[SourceVersionDate "2006.11.23"]
[SourceQuality "1"]

1. e4 Nf6 2. e5 Nd5 3. c4 Nb6 4. c5 Nd5 5. Nc3 c6 6. Bc4 d6 7. Nxd5 cxd5 8. Bxd5 dxc5 9. Qf3 e6 10. Bxb7 Bxb7 11. Qxb7 Nd7 12. Nf3 Qc8 13. Qe4 Rb8 14. 0-0 Rb4 15. Qe2 Qc6 16. d3 g6 17. b3 Bg7 18. Ba3 Rf4 19. Rac1 0-0 1/2-1/2